| 000 | 006820000a22001690004500 | ||
|---|---|---|---|
| 090 |
_aAR _b03983 |
||
| 245 | 1 | 0 |
_aAlgunos casos de promoción de ecoturismo por empresas _sPosada Amazonas, una asociación entre empresas y comunidad nativa para emprender una aventura ecoturística en Tambopata, Perú |
| 500 | _a<Colección Recursos Genéticos> | ||
| 650 | 1 | 4 |
_aEcoturismo _992485 |
| 650 | 1 | 4 |
_aDesarrollo regional _993588 |
| 650 | 1 | 4 |
_aEstrategias de conservación _992602 |
| 651 | 4 |
_lRío Tambopata _pPerú _992749 |
|
| 041 | 0 | _aEspañol | |
| 100 | 1 |
_aNycander, Eduardo _997829 |
|
| 942 | _cARTICULO | ||
| 773 | 1 |
_thttp://www.conam.gob.pe/endb/docs/ecotursost/ecot&biod.htm _q1-3 _d1999 |
|
| 999 |
_c13017 _d13017 |
||